[Event "FICS rated blitz game"]
[Site "FICS freechess.org"]
[Date "2018.01.30"]
[Round "?"]
[White "RADACK"]
[Black "Shunshun"]
[Result "1-0"]
[WhiteElo "1572"]
[BlackElo "1568"]
[PlyCount "103"]
[EventDate "2018.??.??"]
[EventType "blitz"]

1. e4 e5 2. Nf3 Nc6 3. c3 Nf6 4. Qc2 d5 5. exd5 Qxd5 6. d4 exd4 7. cxd4 Bb4+ 8.
Nc3 Qe4+ 9. Qxe4+ Nxe4 10. Bd2 Nxd2 11. Nxd2 Nxd4 12. O-O-O O-O 13. Nd5 Bxd2+
14. Rxd2 Ne6 15. f4 c6 16. Ne7+ Kh8 17. f5 Nc5 18. Nxc8 Raxc8 19. Bc4 f6 20. b4
Ne4 21. Rd7 b5 22. Be6 Ng5 23. Rxa7 Nxe6 24. fxe6 Rfe8 25. Re1 c5 26. bxc5
Rxc5+ 27. Kb2 Kg8 28. Re2 Kf8 29. Kb3 Rcc8 30. Kb4 Rb8 31. Ra5 Rb6 32. Ra7
Rbxe6 33. Rxe6 Rxe6 34. Kxb5 Re2 35. a4 Rxg2 36. a5 Rxh2 37. Rc7 Ra2 38. a6 h5
39. Kb6 Kg8 40. a7 Kh7 41. Rc5 Rxa7 42. Kxa7 g5 43. Rf5 Kg6 44. Rf1 h4 45. Kb6
g4 46. Kc5 h3 47. Kd4 g3 48. Rf3 Kg5 49. Rxg3+ Kh4 50. Rg6 f5 51. Ke5 h2 52.
Kxf5 1-0

[Event "FICS rated blitz game"]
[Site "FICS freechess.org"]
[Date "2018.01.30"]
[Round "?"]
[White "Tensecterror"]
[Black "Vassis"]
[Result "1-0"]
[WhiteElo "1300"]
[BlackElo "1231"]
[PlyCount "50"]
[EventDate "2018.??.??"]
[EventType "blitz"]

1. e4 e5 2. Nf3 Nc6 3. c3 d5 4. exd5 Qxd5 5. Be2 Nf6 6. c4 Qd8 7. d3 Bb4+ 8.
Bd2 Bxd2+ 9. Nbxd2 O-O 10. O-O Bg4 11. h3 Bxf3 12. Bxf3 Re8 13. Re1 Rb8 14. Ne4
Nd4 15. Nc3 Nxf3+ 16. Qxf3 a5 17. Rad1 Qd7 18. b3 b5 19. Nxb5 c6 20. Nc3 Qd4
21. Na4 Rb4 22. Re2 Rd8 23. Qxc6 Ne4 24. Rxe4 Rxa4 25. Rxd4 exd4 {Black resigns
} 1-0

[Event "FICS rated blitz game"]
[Site "FICS freechess.org"]
[Date "2018.01.30"]
[Round "?"]
[White "chintar"]
[Black "artack"]
[Result "0-1"]
[WhiteElo "1520"]
[BlackElo "1589"]
[PlyCount "60"]
[EventDate "2018.??.??"]
[EventType "blitz"]

1. e4 e5 2. Nf3 Nc6 3. c3 Bc5 4. Be2 Nf6 5. d3 O-O 6. O-O d5 7. Nbd2 dxe4 8.
dxe4 Bg4 9. Qc2 Qe7 10. Nc4 b5 11. Ne3 Bxe3 12. Bxe3 a6 13. b4 Nd8 14. Bc5 Qe6
15. Bxf8 Kxf8 16. a3 Nb7 17. c4 Nd6 18. cxb5 axb5 19. Qxc7 Ndxe4 20. Qc5+ Nxc5
21. bxc5 Bxf3 22. Bxf3 e4 23. Rfe1 Qc6 24. Be2 Qxc5 25. Rec1 Qb6 26. Rcb1 Ra5
27. Rb4 e3 28. f3 Nd5 29. Re4 Nc3 30. Rxe3 Qxe3+ {White resigns} 0-1

[Event "FICS rated blitz game"]
[Site "FICS freechess.org"]
[Date "2018.01.30"]
[Round "?"]
[White "freshwater"]
[Black "acwizard"]
[Result "1/2-1/2"]
[WhiteElo "1331"]
[BlackElo "1335"]
[PlyCount "114"]
[EventDate "2018.??.??"]
[EventType "blitz"]

1. e4 e5 2. Nf3 Nc6 3. c3 a6 4. Bc4 h6 5. d4 d6 6. d5 Nce7 7. O-O Nf6 8. Nbd2
Bg4 9. h3 Bxf3 10. Qxf3 Ng6 11. Qe2 Nf4 12. Qe1 b5 13. Bb3 Nd3 14. Qe3 Nxc1 15.
Raxc1 Be7 16. Bc2 Nh5 17. Qf3 Nf4 18. Nb3 Bg5 19. Rce1 O-O 20. Nc1 Qd7 21. Nd3
Ng6 22. Qg4 Qxg4 23. hxg4 Nf4 24. Nxf4 Bxf4 25. g3 Bg5 26. f4 exf4 27. gxf4 Bf6
28. Re2 Rfe8 29. Rg2 b4 30. g5 hxg5 31. fxg5 Be5 32. g6 f6 33. Ba4 Re7 34. cxb4
Bd4+ 35. Kh1 Rxe4 36. Bc6 Rb8 37. a3 Rh4+ 38. Rh2 Rxh2+ 39. Kxh2 Bxb2 40. Rf3
Be5+ 41. Kh3 Kf8 42. Kg4 Kg8 43. Kf5 Kf8 44. Ke6 Bd4 45. Kd7 Bb6 46. a4 a5 47.
b5 Re8 48. Bb7 Re7+ 49. Kc6 Re5 50. Rg3 Re8 51. Ba6 Kg8 52. Kd7 Kf8 53. Rh3
Re7+ 54. Kc6 Re8 55. Rh8+ Ke7 56. Rxe8+ Kxe8 57. Bc8 Ke7 1/2-1/2

[Event "FICS rated blitz game"]
[Site "FICS freechess.org"]
[Date "2018.01.30"]
[Round "?"]
[White "nyny"]
[Black "genky"]
[Result "1-0"]
[WhiteElo "1567"]
[BlackElo "1894"]
[PlyCount "69"]
[EventDate "2018.??.??"]
[EventType "blitz"]

1. e4 e5 2. Nf3 Nc6 3. c3 d5 4. exd5 Qxd5 5. Be2 Nf6 6. O-O Bg4 7. h3 Bh5 8. c4
Qd6 9. Nc3 a6 10. d3 O-O-O 11. Bg5 Be7 12. Qc2 h6 13. Bh4 g5 14. Bg3 Bg6 15.
Rfd1 Nh5 16. Bh2 f5 17. b4 Nf4 18. c5 Qf6 19. Bxf4 gxf4 20. Qb3 Rhg8 21. Nd5
Qg7 22. Nxe7+ Qxe7 23. b5 axb5 24. Qxb5 Nd4 25. Nxd4 Rxd4 26. Rab1 c6 27. Qb6
e4 28. dxe4 Rxd1+ 29. Rxd1 fxe4 30. Bg4+ Kb8 31. Rd7 Qxd7 32. Bxd7 f3 33. Bxc6
Rg7 34. Bd5 e3 35. fxe3 1-0

[Event "FICS rated blitz game"]
[Site "FICS freechess.org"]
[Date "2018.01.30"]
[Round "?"]
[White "vishnuycce"]
[Black "Yaku"]
[Result "0-1"]
[WhiteElo "1257"]
[BlackElo "1298"]
[PlyCount "136"]
[EventDate "2018.??.??"]
[EventType "blitz"]

1. e4 e5 2. Nf3 Nc6 3. c3 Bc5 4. d4 exd4 5. cxd4 Bb6 6. d5 Nce7 7. e5 d6 8.
exd6 Qxd6 9. Nc3 Nf6 10. Bc4 O-O 11. O-O Bg4 12. g3 Rad8 13. Bf4 Qc5 14. Bb3
Nexd5 15. Nxd5 Nxd5 16. Qc2 Bxf3 17. Qxc5 Bxc5 18. Rac1 Nxf4 19. gxf4 Bd6 20.
Rfe1 Bxf4 21. Rc3 Bd2 22. Rec1 Bxc3 23. bxc3 g6 24. Kf1 Rfe8 25. h3 Rd2 26. Kg1
Ree2 27. Rf1 Bc6 28. Bc4 Re4 29. Bb3 Bd7 30. Kh2 Rf4 31. Kg3 g5 32. f3 Rd3 33.
Bd1 Rxc3 34. Bb3 h5 35. Kg2 h4 36. Rd1 Bc6 37. Rd8+ Kg7 38. Rc8 Rfxf3 39. Rxc7
Rxh3+ 40. Kf2 Rh2+ 41. Kg1 Rb2 42. Rxf7+ Kg6 43. Rf1 Bb5 44. Bf7+ Kg7 45. Rf2
Rxf2 46. Kxf2 Bc6 47. Bb3 h3 48. Kg1 g4 49. Kh2 Bd7 50. Bd1 g3+ 51. Kg1 Rc1 52.
Kf1 Rxd1+ 53. Ke2 Rd5 54. Kf1 Rb5 55. Ke2 Rb4 56. a3 Rb3 57. a4 g2 58. Kf2 Kg6
59. a5 Kg5 60. a6 b6 61. Kg1 Kh4 62. Kf2 Bb5 63. Kg1 Bc6 64. Kf2 h2 65. Ke2
g1=R 66. Kd2 Rg2+ 67. Kc1 Rf3 68. Kb1 Rf1# {White checkmated} 0-1

[Event "FICS rated blitz game"]
[Site "FICS freechess.org"]
[Date "2018.01.30"]
[Round "?"]
[White "Kjosavik"]
[Black "bonet"]
[Result "1-0"]
[WhiteElo "1513"]
[BlackElo "1455"]
[PlyCount "63"]
[EventDate "2018.??.??"]
[EventType "blitz"]

1. e4 e5 2. Nf3 Nc6 3. c3 Bc5 4. b4 Bb6 5. Bb5 d6 6. Qa4 Bd7 7. Na3 a6 8. Bxc6
Bxc6 9. Qc2 Nf6 10. d3 h6 11. Nc4 Ba7 12. a4 O-O 13. a5 Bb5 14. Ne3 Qd7 15. Nf5
Kh7 16. O-O Rg8 17. Qb3 Qe6 18. c4 Bd7 19. Qd1 c6 20. Ne1 d5 21. Nc2 dxc4 22.
dxc4 Qxc4 23. Nd6 Qc3 24. Bd2 Qb3 25. Rb1 Qa4 26. Nxf7 Nxe4 27. Bxh6 gxh6 28.
Qxd7 Rg7 29. Qf5+ Kg8 30. Nxh6+ Kh8 31. Qxe4 Qb5 32. Nf5 1-0

[Event "FICS rated blitz game"]
[Site "FICS freechess.org"]
[Date "2018.01.30"]
[Round "?"]
[White "proximab"]
[Black "halfwill"]
[Result "1-0"]
[WhiteElo "2030"]
[BlackElo "1403"]
[PlyCount "29"]
[EventDate "2018.??.??"]
[EventType "blitz"]

1. e4 e5 2. Nf3 Nc6 3. c3 d5 4. Qa4 Bd7 5. exd5 Nce7 6. Qe4 Ng6 7. Nxe5 Nxe5 8.
d4 Nf6 9. Qxe5+ Be7 10. Bd3 O-O 11. Qf4 Bd6 12. Qh4 h6 13. Be3 Nxd5 14. Qe4
Nxe3 15. Qh7# {Black checkmated} 1-0

[Event "FICS rated blitz game"]
[Site "FICS freechess.org"]
[Date "2018.01.30"]
[Round "?"]
[White "Kjosavik"]
[Black "KIAUA"]
[Result "1-0"]
[WhiteElo "1536"]
[BlackElo "1282"]
[PlyCount "91"]
[EventDate "2018.??.??"]
[EventType "blitz"]

1. e4 e5 2. Nf3 Nc6 3. c3 Bc5 4. d3 d6 5. a4 a5 6. Na3 Bg4 7. Be2 Nf6 8. h3 Bh5
9. Bg5 h6 10. Bh4 g5 11. Bg3 g4 12. hxg4 Bxg4 13. Nh4 Bxe2 14. Qxe2 Qd7 15. Nf5
O-O-O 16. Bh4 Qe6 17. Nb5 d5 18. exd5 Qxf5 19. dxc6 bxc6 20. Bxf6 Qxf6 21. Qg4+
Kb7 22. Na3 Qxf2+ 23. Kd1 Rxd3+ 24. Kc1 Qd2+ 25. Kb1 Bxa3 26. Rxa3 Ka7 27. Qc4
Rb8 28. Rb3 Rxb3 29. Qxb3 c5 30. Qxf7 Rd7 31. Qc4 Qd6 32. Qb5 c6 33. Qxa5+ Kb7
34. b4 Qd3+ 35. Kb2 Qd2+ 36. Kb3 Rd3 37. bxc5 Rd8 38. Qb6+ Ka8 39. Qxc6+ Ka7
40. Qc7+ Ka6 41. Rxh6+ Rd6 42. Rxd6+ Qxd6 43. cxd6 e4 44. d7 e3 45. d8=Q e2 46.
Qb6# {Black checkmated} 1-0

[Event "FICS rated blitz game"]
[Site "FICS freechess.org"]
[Date "2018.01.30"]
[Round "?"]
[White "fusjstone"]
[Black "Lupacchiotto"]
[Result "1-0"]
[WhiteElo "1657"]
[BlackElo "1507"]
[PlyCount "67"]
[EventDate "2018.??.??"]
[EventType "blitz"]

1. e4 e5 2. Nf3 Nc6 3. c3 Bc5 4. d3 d5 5. Be2 d4 6. O-O Nf6 7. a3 O-O 8. Bg5 h6
9. Bxf6 Qxf6 10. b4 Bb6 11. c4 a5 12. b5 Ne7 13. Nbd2 Ng6 14. g3 Bh3 15. Re1 c6
16. a4 cxb5 17. cxb5 Bc5 18. Bf1 Bg4 19. Bg2 Bb4 20. Rf1 Rfc8 21. Rc1 Rc3 22.
h3 Be6 23. Nc4 Bxc4 24. dxc4 Rc8 25. Rxc3 Bxc3 26. Qd3 Qd6 27. Rd1 Qb4 28. h4
f6 29. h5 Ne7 30. Nh4 Qxa4 31. Nf3 Qxc4 32. Bh3 Rc7 33. Qxc4+ Rxc4 34. Be6+ {
Black resigns} 1-0

[Event "FICS rated blitz game"]
[Site "FICS freechess.org"]
[Date "2018.01.30"]
[Round "?"]
[White "maximb"]
[Black "artack"]
[Result "1-0"]
[WhiteElo "1644"]
[BlackElo "1588"]
[PlyCount "41"]
[EventDate "2018.??.??"]
[EventType "blitz"]

1. e4 e5 2. Nf3 Nc6 3. c3 Nf6 4. d4 exd4 5. e5 Ne4 6. Qe2 Nc5 7. cxd4 Na6 8. d5
Bb4+ 9. Nc3 Bxc3+ 10. bxc3 Ne7 11. d6 Ng6 12. Bg5 f6 13. exf6+ Kf7 14. fxg7 Qe8
15. gxh8=Q Nxh8 16. Ne5+ Ke6 17. Qg4+ Kxe5 18. Qe2+ Kf5 19. Qxe8 Kxg5 20. Qxh8
cxd6 21. Qxh7 {Black resigns} 1-0

[Event "FICS rated blitz game"]
[Site "FICS freechess.org"]
[Date "2018.01.30"]
[Round "?"]
[White "RADACK"]
[Black "Shunshun"]
[Result "1-0"]
[WhiteElo "1572"]
[BlackElo "1568"]
[PlyCount "61"]
[EventDate "2018.??.??"]
[EventType "blitz"]

1. e4 e5 2. Nf3 Nc6 3. c3 Bc5 4. b4 Bb6 5. b5 Na5 6. d4 exd4 7. cxd4 Ne7 8. Bd3
O-O 9. O-O Ng6 10. Be3 c6 11. a4 d5 12. e5 cxb5 13. axb5 Nc4 14. Nbd2 Nxe3 15.
fxe3 Bd7 16. Qb3 Be6 17. Rfc1 Rc8 18. Nf1 Qd7 19. Ng3 Rxc1+ 20. Rxc1 Rc8 21.
Rxc8+ Qxc8 22. h3 Bxh3 23. gxh3 Qxh3 24. Kf2 Nh4 25. Nxh4 Qxh4 26. Qxd5 g6 27.
Qxb7 Qg5 28. Qf3 Kg7 29. Ne4 Qe7 30. Qf6+ Qxf6+ 31. Nxf6 {Black resigns} 1-0

[Event "FICS rated blitz game"]
[Site "FICS freechess.org"]
[Date "2018.01.30"]
[Round "?"]
[White "namplam"]
[Black "elosdomal"]
[Result "0-1"]
[WhiteElo "1168"]
[BlackElo "1104"]
[PlyCount "76"]
[EventDate "2018.??.??"]
[EventType "blitz"]

1. e4 e5 2. Nf3 Nc6 3. c3 Bc5 4. d4 exd4 5. cxd4 Bb6 6. d5 Nce7 7. Nc3 Nf6 8.
Bg5 Ng6 9. e5 h6 10. exf6 hxg5 11. fxg7 Rg8 12. Bd3 Rxg7 13. O-O g4 14. Re1+
Ne7 15. Ne5 d6 16. Nc4 Bc5 17. Re4 Qd7 18. a3 f5 19. Rf4 Rg5 20. Qc2 Ng6 21.
Re1+ Ne5 22. Nxe5 dxe5 23. Bb5 c6 24. dxc6 bxc6 25. Ba4 Bb7 26. Rd1 Bd4 27. Nd5
Qxd5 28. Rxf5 Rxf5 29. Qxf5 Bxf2+ 30. Qxf2 Qe6 31. Qh4 Kf7 32. Qh7+ Kf6 33.
Qxb7 Rc8 34. Rf1+ Kg6 35. Bc2+ e4 36. Qb4 Re8 37. Bxe4+ Qxe4 38. Qd6+ Re6 {
White resigns} 0-1

[Event "FICS rated blitz game"]
[Site "FICS freechess.org"]
[Date "2018.01.30"]
[Round "?"]
[White "RADACK"]
[Black "prickler"]
[Result "1-0"]
[WhiteElo "1591"]
[BlackElo "1602"]
[PlyCount "45"]
[EventDate "2018.??.??"]
[EventType "blitz"]

1. e4 e5 2. Nf3 Nc6 3. c3 Bc5 4. b4 Bb6 5. b5 Nce7 6. Nxe5 Nf6 7. Qc2 O-O 8. d4
d5 9. exd5 Nexd5 10. Bd3 c5 11. bxc6 bxc6 12. Nxc6 Re8+ 13. Ne5 Bb7 14. O-O Rc8
15. Qb3 Qd6 16. Na3 a6 17. Nac4 Qc7 18. Nxb6 Nxb6 19. Bd2 Nfd5 20. Rab1 f6 21.
Nf3 Rb8 22. c4 Nd7 23. cxd5 {Black resigns} 1-0

[Event "FICS rated blitz game"]
[Site "FICS freechess.org"]
[Date "2018.01.30"]
[Round "?"]
[White "bhekisipho"]
[Black "AnderssenA"]
[Result "0-1"]
[WhiteElo "893"]
[BlackElo "2495"]
[PlyCount "22"]
[EventDate "2018.??.??"]
[EventType "blitz"]

1. e4 e5 2. Nf3 Nc6 3. c3 d5 4. exd5 Qxd5 5. d4 Nf6 6. dxe5 Qxd1+ 7. Kxd1 Ng4
8. Ke1 Bc5 9. Be3 Bxe3 10. fxe3 Nxe3 11. Na3 Bg4 {White resigns} 0-1

[Event "FICS rated blitz game"]
[Site "FICS freechess.org"]
[Date "2018.01.30"]
[Round "?"]
[White "RADACK"]
[Black "Shunshun"]
[Result "0-1"]
[WhiteElo "1580"]
[BlackElo "1560"]
[PlyCount "58"]
[EventDate "2018.??.??"]
[EventType "blitz"]

1. e4 e5 2. Nf3 Nc6 3. c3 Bc5 4. b4 Bd6 5. b5 Nce7 6. c4 b6 7. Bb2 f6 8. Nc3
Bb7 9. Qb3 a6 10. a4 axb5 11. cxb5 Bc5 12. Bc4 Nh6 13. O-O Ng6 14. Rad1 Nf4 15.
d4 exd4 16. Nxd4 Bxd4 17. Rxd4 Qe7 18. Bc1 Ne6 19. Bxh6 Nxd4 20. Qa2 gxh6 21.
Nd5 Bxd5 22. Bxd5 Rd8 23. Qb2 Ne6 24. e5 f5 25. Re1 Rg8 26. Qe2 Qg5 27. g3 Rg7
28. f4 Nxf4 29. Qc2 Nxd5 {White resigns} 0-1

[Event "FICS rated blitz game"]
[Site "FICS freechess.org"]
[Date "2018.01.30"]
[Round "?"]
[White "Solidrockgee"]
[Black "Jirkar"]
[Result "1-0"]
[WhiteElo "1288"]
[BlackElo "1255"]
[PlyCount "67"]
[EventDate "2018.??.??"]
[EventType "blitz"]

1. e4 e5 2. Nf3 Nc6 3. c3 Nf6 4. Bc4 h6 5. d3 Bc5 6. a3 a6 7. O-O O-O 8. b4 Ba7
9. Be3 d6 10. Ba2 Bg4 11. h3 Bh5 12. Nbd2 Bxe3 13. fxe3 d5 14. g4 Bg6 15. exd5
Nxd5 16. Bxd5 Qxd5 17. Ne4 Rad8 18. Nc5 b6 19. e4 Bxe4 20. Nxe4 f5 21. gxf5
Rxf5 22. Qe2 Rh5 23. Qg2 Qxd3 24. Nf6+ Kh8 25. Nxh5 Qe3+ 26. Rf2 g5 27. Ng3
Qxc3 28. Raf1 Qxa3 29. Nf5 Kh7 30. Qg4 Rf8 31. Nxg5+ hxg5 32. Qh5+ Kg8 33. Qg6+
Kh8 34. Qg7# {Black checkmated} 1-0

[Event "FICS rated blitz game"]
[Site "FICS freechess.org"]
[Date "2018.01.30"]
[Round "?"]
[White "BiH"]
[Black "superbee"]
[Result "0-1"]
[WhiteElo "1609"]
[BlackElo "1633"]
[PlyCount "50"]
[EventDate "2018.??.??"]
[EventType "blitz"]

1. e4 e5 2. Nf3 Nc6 3. c3 Be7 4. d4 exd4 5. cxd4 d6 6. Nc3 Nf6 7. h3 O-O 8. a3
Ne8 9. d5 Ne5 10. Nd4 f5 11. exf5 Bxf5 12. Nxf5 Rxf5 13. Qc2 Rf8 14. Ne4 Nf6
15. Ng5 h6 16. Ne6 Qd7 17. Nxf8 Rxf8 18. Bc4 Kh8 19. O-O Qe8 20. Be3 Qh5 21.
Rad1 Bd8 22. Be2 Qh4 23. Bd4 Nfd7 24. Be3 Bg5 25. Bxg5 hxg5 0-1

[Event "FICS rated blitz game"]
[Site "FICS freechess.org"]
[Date "2018.01.30"]
[Round "?"]
[White "RADACK"]
[Black "prickler"]
[Result "1-0"]
[WhiteElo "1591"]
[BlackElo "1602"]
[PlyCount "51"]
[EventDate "2018.??.??"]
[EventType "blitz"]

1. e4 e5 2. Nf3 Nc6 3. c3 Bc5 4. b4 Bb6 5. b5 Nce7 6. Nxe5 Nf6 7. Qc2 O-O 8. d4
d5 9. exd5 Nexd5 10. Bd3 g6 11. Bh6 Re8 12. O-O Ng4 13. Bd2 Nxe5 14. dxe5 Rxe5
15. c4 Ne7 16. Bc3 Rg5 17. Nd2 Bf5 18. Bxf5 Nxf5 19. Ne4 Nd4 20. Qb2 Rf5 21.
Rad1 Qe7 22. Ng3 Rf4 23. Bxd4 Bxd4 24. Rxd4 Rxd4 25. Qxd4 b6 26. Rd1 {Black
resigns} 1-0

[Event "FICS rated standard game"]
[Site "FICS freechess.org"]
[Date "2018.01.30"]
[Round "?"]
[White "CarveItUp"]
[Black "Aromas"]
[Result "0-1"]
[WhiteElo "1762"]
[BlackElo "1867"]
[PlyCount "62"]
[EventDate "2018.??.??"]

1. e4 e5 2. Nf3 Nc6 3. c3 Nf6 4. Qc2 d5 5. exd5 Nxd5 6. d3 Bd6 7. Be2 Be6 8.
O-O O-O 9. Nbd2 f5 10. Nc4 h6 11. Nxd6 cxd6 12. a3 Qf6 13. c4 Nb6 14. Be3 Rae8
15. b4 Bc8 16. Bxb6 axb6 17. Rfe1 e4 18. Nd2 Nd4 19. Qd1 Nxe2+ 20. Qxe2 Qb2 21.
Reb1 exd3 22. Qxd3 Qe5 23. Nf3 Qe2 24. Qxd6 Rd8 25. Qxb6 Qxc4 26. Rc1 Qe4 27.
Re1 Qg4 28. h3 Qc4 29. Ne5 Qd5 30. Ng6 Rfe8 31. Ne7+ Rxe7 {White resigns} 0-1

[Event "FICS rated blitz game"]
[Site "FICS freechess.org"]
[Date "2018.01.30"]
[Round "?"]
[White "climbit"]
[Black "RobGu"]
[Result "0-1"]
[WhiteElo "1682"]
[BlackElo "1689"]
[PlyCount "168"]
[EventDate "2018.??.??"]
[EventType "blitz"]

1. e4 e5 2. Nf3 Nc6 3. c3 Nf6 4. d4 exd4 5. e5 Qe7 6. cxd4 d6 7. Bb5 dxe5 8.
dxe5 Bd7 9. Bxc6 Bxc6 10. O-O Bxf3 11. Qxf3 Qxe5 12. Qxb7 Qd5 13. Re1+ Be7 14.
Qxc7 Qd8 15. Qc6+ Nd7 16. Bg5 f6 17. Bh4 O-O 18. Nc3 Ne5 19. Qe6+ Kh8 20. Nd5
Bc5 21. b4 Bb6 22. Nxb6 Qxb6 23. Qxb6 axb6 24. a3 h6 25. Bg3 Nc4 26. a4 Nb2 27.
a5 bxa5 28. bxa5 Nc4 29. Bc7 Rfc8 30. Bb6 Rab8 31. Rab1 Rc6 32. h3 Nxb6 33.
axb6 Rcxb6 34. Rxb6 Rxb6 35. Re7 Kg8 36. g3 Rb3 37. Kg2 h5 38. h4 g6 39. Rc7
Rb2 40. Rd7 Re2 41. Rc7 Re5 42. Kf3 Rf5+ 43. Kg2 Kf8 44. f3 Re5 45. g4 hxg4 46.
fxg4 Re4 47. Kf3 Rb4 48. Rd7 Rb3+ 49. Kg2 Ke8 50. Rg7 Rb2+ 51. Kg3 Rb3+ 52. Kg2
Rb2+ 53. Kf3 Rb3+ 54. Ke2 Rb2+ 55. Kf3 Rb3+ 56. Ke4 Rb4+ 57. Kf3 Rb3+ 58. Ke4
Rb4+ 59. Kf3 Rb3+ 60. Kg2 Rb2+ 61. Kg1 Rb1+ 62. Kh2 Rb2+ 63. Kg1 Rb1+ 64. Kf2
Rb2+ 65. Ke1 Rb1+ 66. Kd2 Rb2+ 67. Kc1 Rh2 68. Rxg6 Rxh4 69. Rg8+ Kf7 70. Rc8
Rxg4 71. Rc7+ Kg6 72. Kd2 Rf4 73. Ke2 Rf5 74. Ke3 Re5+ 75. Kf4 Rd5 76. Re7 Rc5
77. Re2 Rc4+ 78. Ke3 Rc5 79. Kd4 Rf5 80. Rg2+ Rg5 81. Rf2 Kh5 82. Rh2+ Kg6 83.
Ke4 Rg4+ 84. Kf3 Rg5 0-1

[Event "FICS rated blitz game"]
[Site "FICS freechess.org"]
[Date "2018.01.30"]
[Round "?"]
[White "climbit"]
[Black "RobGu"]
[Result "0-1"]
[WhiteElo "1690"]
[BlackElo "1681"]
[PlyCount "116"]
[EventDate "2018.??.??"]
[EventType "blitz"]

1. e4 e5 2. Nf3 Nc6 3. c3 Nf6 4. d4 d6 5. d5 Ne7 6. Bd3 c6 7. c4 c5 8. O-O h6
9. Bd2 Bg4 10. Bc3 Bxf3 11. Qxf3 Ng6 12. g3 Be7 13. Nd2 O-O 14. b4 b6 15. bxc5
bxc5 16. Rfb1 Rb8 17. a4 Rxb1+ 18. Bxb1 Nh7 19. a5 Qd7 20. Bc2 Ng5 21. Qg2 f5
22. Nf3 fxe4 23. Nxg5 Bxg5 24. Bxe4 Qf7 25. f3 Be3+ 26. Kh1 Bd4 27. Bxd4 exd4
28. Qc2 Ne5 29. Rf1 g5 30. f4 gxf4 31. Rxf4 Qg7 32. Qf2 Rxf4 33. Qxf4 Qg5 34.
Kg2 Qxf4 35. gxf4 Ng4 36. h3 Ne3+ 37. Kf3 Nxc4 38. a6 Kg7 39. Kg4 Nd2 40. Bc2
c4 41. h4 d3 42. Bd1 Ne4 43. Kf5 Nf2 44. Bf3 d2 45. Ke6 d1=Q 46. Bxd1 Nxd1 47.
Kxd6 c3 48. Ke7 c2 49. d6 c1=Q 50. d7 Qc5+ 51. Ke8 Qe3+ 52. Kd8 Qxf4 53. Kc8
Qc4+ 54. Kd8 Qxa6 55. Ke7 Qb7 56. Ke8 Qd5 57. d8=Q Qxd8+ 58. Kxd8 a5 {White
resigns} 0-1

[Event "FICS rated blitz game"]
[Site "FICS freechess.org"]
[Date "2018.01.30"]
[Round "?"]
[White "BiH"]
[Black "gargiulo"]
[Result "0-1"]
[WhiteElo "1640"]
[BlackElo "1673"]
[PlyCount "66"]
[EventDate "2018.??.??"]
[EventType "blitz"]

1. e4 e5 2. Nf3 Nc6 3. c3 d6 4. d4 exd4 5. cxd4 Bg4 6. Be2 Nf6 7. Nc3 Qd7 8.
Bg5 Be7 9. O-O h6 10. Be3 O-O-O 11. d5 Ne5 12. Bxa7 Bxf3 13. gxf3 Qh3 14. Be3
g5 15. Kh1 Nh5 16. Rg1 Nf4 17. Rg3 Qh5 18. Bf1 Qg6 19. Qa4 c6 20. Bxf4 Nxf3 21.
Qa8+ Kd7 22. Qxb7+ Ke8 23. Qxc6+ Kf8 24. Bh3 Qh5 25. Rxf3 gxf4 26. Bg2 Rg8 27.
Rg1 Rb8 28. Rh3 Qg5 29. Nb5 h5 30. Nxd6 Rxb2 31. Qc8+ Bd8 32. Qf5 Qxg2+ 33.
Rxg2 Rb1+ {White resigns} 0-1

[Event "FICS rated standard game"]
[Site "FICS freechess.org"]
[Date "2018.01.30"]
[Round "?"]
[White "mplangley"]
[Black "MRKumar"]
[Result "1-0"]
[WhiteElo "1453"]
[BlackElo "1805"]
[PlyCount "31"]
[EventDate "2018.??.??"]

1. e4 e5 2. Nf3 Nc6 3. c3 Bc5 4. b4 Bb6 5. b5 Nce7 6. Nxe5 Nf6 7. f3 d5 8. Qb3
O-O 9. Ba3 dxe4 10. Bxe7 Qxe7 11. Ng4 exf3+ 12. Ne3 Ne4 13. gxf3 Qh4+ 14. Kd1
Nf2+ 15. Kc2 Nxh1 16. Nd5 1-0

[Event "TUR Cup										"]
[Site "Antalya"]
[Date "2018.01.29"]
[Round "4"]
[White "Ozcan, Kadir Kutay"]
[Black "Duman, Mehmet Cemil"]
[Result "1-0"]
[WhiteElo "1829"]
[BlackElo "1400"]
[PlyCount "125"]
[EventDate "2018.01.27"]
[EventType "swiss"]
[EventRounds "11"]
[EventCountry "TUR"]
[SourceTitle "OM OTB B 201907"]
[Source "Opening Master"]
[SourceDate "2019.07.06"]
[SourceVersion "2"]
[SourceVersionDate "2019.07.06"]
[SourceQuality "1"]

1. e4 Nc6 2. Nf3 e5 3. c3 Nf6 4. d4 d6 5. Bd3 Bg4 6. d5 Ne7 7. h3 Bd7 8. Be3 a6
9. Nbd2 Ng6 10. Qe2 Nh5 11. g3 c5 12. dxc6 Bxc6 13. O-O-O Be7 14. Nh4 Nf6 15.
Nf5 O-O 16. h4 Re8 17. h5 Nh8 18. g4 Nd7 19. g5 b5 20. Bc2 a5 21. g6 h6 22.
Bxh6 Bf6 23. Nxd6 gxh6 24. gxf7+ Nxf7 25. Bb3 Re7 26. Qg4+ Bg5 27. Nxf7 Rxf7
28. Qf5 Qe7 29. Qg6+ Kf8 30. Qxc6 Rd8 31. Bxf7 Qxf7 32. Kb1 b4 33. cxb4 axb4
34. Nb3 Qe7 35. Qd6 Kf7 36. Rh3 Qxd6 37. Rxd6 Nf8 38. Rf3+ Kg8 39. Rxd8 Bxd8
40. Rd3 Bg5 41. Nc5 Kf7 42. a4 bxa3 43. Rf3+ Bf4 44. Rxa3 Nh7 45. Ra7+ Kg8 46.
Nd3 Ng5 47. Nxf4 exf4 48. e5 f3 49. b4 Ne4 50. e6 Kf8 51. b5 Nc3+ 52. Kb2 Nxb5
53. Rf7+ Ke8 54. Rxf3 Ke7 55. Re3 Nd6 56. Kc3 Nb5+ 57. Kc4 Nd6+ 58. Kd5 Ne8 59.
f4 Nf6+ 60. Kd4 Nxh5 61. Ke5 Ng7 62. f5 Ne8 63. Ra3 1-0

[Event "FICS rated blitz game"]
[Site "FICS freechess.org"]
[Date "2018.01.29"]
[Round "?"]
[White "RADACK"]
[Black "JunnuK"]
[Result "1-0"]
[WhiteElo "1572"]
[BlackElo "1449"]
[PlyCount "73"]
[EventDate "2018.??.??"]
[EventType "blitz"]

1. e4 e5 2. Nf3 Nc6 3. c3 d6 4. h3 f5 5. exf5 Bxf5 6. d4 e4 7. Nfd2 d5 8. Nb3
Nf6 9. Bf4 a6 10. N1d2 h6 11. g4 Be6 12. Qc2 g5 13. Bg3 Bd6 14. O-O-O Qe7 15.
Bxd6 cxd6 16. Bg2 O-O 17. h4 a5 18. hxg5 hxg5 19. Nf1 Kg7 20. Ng3 a4 21. Nd2 b5
22. Ndf1 Bxg4 23. Re1 Rh8 24. Ne3 Be6 25. Ngf5+ Bxf5 26. Nxf5+ Kf7 27. Nxe7
Kxe7 28. Rxh8 Rxh8 29. Rh1 Rb8 30. Qe2 Kf7 31. f3 Re8 32. fxe4 dxe4 33. d5 Nd8
34. Rh6 Kg7 35. Rxf6 Kxf6 36. Qxb5 e3 37. Qxe8 {Black resigns} 1-0

[Event "FICS rated blitz game"]
[Site "FICS freechess.org"]
[Date "2018.01.29"]
[Round "?"]
[White "fusjstone"]
[Black "boggus"]
[Result "1-0"]
[WhiteElo "1618"]
[BlackElo "1570"]
[PlyCount "61"]
[EventDate "2018.??.??"]
[EventType "blitz"]

1. e4 e5 2. Nf3 Nc6 3. c3 Bc5 4. d4 exd4 5. cxd4 Bb6 6. d5 Nce7 7. Nc3 d6 8.
Bd3 Nf6 9. O-O O-O 10. Re1 Ng6 11. Bg5 Bg4 12. Na4 h6 13. Nxb6 axb6 14. Be3
Bxf3 15. Qxf3 Qe7 16. Bd4 Nd7 17. a3 c5 18. dxc6 bxc6 19. Rad1 c5 20. Bc3 Nde5
21. Qe2 Nxd3 22. Qxd3 Rfd8 23. h3 Nf4 24. Qg3 Ng6 25. Rd3 Ra4 26. Rde3 b5 27.
e5 b4 28. exd6 Qxd6 29. Re8+ Rxe8 30. Rxe8+ Kh7 31. Qxd6 {Black resigns} 1-0

[Event "FICS rated blitz game"]
[Site "FICS freechess.org"]
[Date "2018.01.29"]
[Round "?"]
[White "sampaths"]
[Black "JChrusty"]
[Result "1-0"]
[WhiteElo "1564"]
[BlackElo "1396"]
[PlyCount "53"]
[EventDate "2018.??.??"]
[EventType "blitz"]

1. e4 e5 2. Nf3 Nc6 3. c3 Nf6 4. Bd3 d5 5. exd5 Qxd5 6. O-O Qxd3 7. Re1 Bg4 8.
Re3 Qd7 9. Qe1 Bxf3 10. gxf3 O-O-O 11. Na3 Bxa3 12. bxa3 Rhe8 13. Rb1 Nd5 14.
Re2 Nf4 15. Re4 Qh3 16. Qf1 Qxf3 17. Re3 Qg4+ 18. Kh1 Rd6 19. Rg3 Qh4 20. a4
Rg6 21. a5 Rxg3 22. fxg3 Qh5 23. gxf4 exf4 24. Ba3 Ne5 25. Qxf4 Nf3 26. Rf1
Nxd2 27. Qxd2 {Black resigns} 1-0